Motocross double-cross / (Record no. 408646)
[ view plain ]
| 000 -LEADER | |
|---|---|
| fixed length control field | 01437cam a2200373 a 4500 |
| 001 - CONTROL NUMBER | |
| control field | 2007003636 |
| 003 - CONTROL NUMBER IDENTIFIER | |
| control field | DLC |
| 005 - DATE AND TIME OF LATEST TRANSACTION | |
| control field | 20250606172032.0 |
| 008 - FIXED-LENGTH DATA ELEMENTS--GENERAL INFORMATION | |
| fixed length control field | 070301s2008 mnua c 000 1 eng |
| 010 ## - LIBRARY OF CONGRESS CONTROL NUMBER | |
| LC control number | 2007003636 |
| 020 ## - INTERNATIONAL STANDARD BOOK NUMBER | |
| International Standard Book Number | 9781598898453 (library binding) |
| 020 ## - INTERNATIONAL STANDARD BOOK NUMBER | |
| International Standard Book Number | 1598898450 (library binding) |
| 020 ## - INTERNATIONAL STANDARD BOOK NUMBER | |
| International Standard Book Number | 9781598898972 (pbk.) |
| 020 ## - INTERNATIONAL STANDARD BOOK NUMBER | |
| International Standard Book Number | 1598898973 (pbk.) |
| 035 ## - SYSTEM CONTROL NUMBER | |
| System control number | (OCoLC)85692716 |
| 040 ## - CATALOGING SOURCE | |
| Original cataloging agency | DLC |
| Transcribing agency | DLC |
| Modifying agency | DLC |
| -- | TnLvILS |
| 042 ## - AUTHENTICATION CODE | |
| Authentication code | lcac |
| 050 00 - LIBRARY OF CONGRESS CALL NUMBER | |
| Classification number | PZ7.M25643 |
| Item number | Mot 2008 |
| 082 00 - DEWEY DECIMAL CLASSIFICATION NUMBER | |
| Classification number | [Fic] |
| Edition number | 22 |
| 100 1# - MAIN ENTRY--PERSONAL NAME | |
| Personal name | Maddox, Jake. |
| 9 (RLIN) | 55532 |
| 245 10 - TITLE STATEMENT | |
| Title | Motocross double-cross / |
| Statement of responsibility, etc | by Jake Maddox ; illustrated by Sean Tiffany. |
| 260 ## - PUBLICATION, DISTRIBUTION, ETC. (IMPRINT) | |
| Place of publication, distribution, etc | Minneapolis, Minn. : |
| Name of publisher, distributor, etc | Stone Arch Books, |
| Date of publication, distribution, etc | c2008. |
| 300 ## - PHYSICAL DESCRIPTION | |
| Extent | 63 p. : |
| Other physical details | ill. ; |
| Dimensions | 20 cm. |
| 490 1# - SERIES STATEMENT | |
| Series statement | Impact books |
| 520 ## - SUMMARY, ETC. | |
| Summary, etc | When Carlos competes against his best friend Ricky for a place in the United States Motocross Association Nationals, each of them thinks the other is trying to sabotage his chances at winning. |
| 650 #0 - SUBJECT ADDED ENTRY--TOPICAL TERM | |
| Topical term or geographic name as entry element | Motocross |
| Form subdivision | Juvenile fiction. |
| 9 (RLIN) | 6545803 |
| 650 #0 - SUBJECT ADDED ENTRY--TOPICAL TERM | |
| Topical term or geographic name as entry element | Motorcycle racing |
| Form subdivision | Juvenile fiction. |
| 9 (RLIN) | 6523143 |
| 650 #0 - SUBJECT ADDED ENTRY--TOPICAL TERM | |
| Topical term or geographic name as entry element | Competition (Psychology) |
| Form subdivision | Juvenile fiction. |
| 9 (RLIN) | 5687473 |
| 650 #1 - SUBJECT ADDED ENTRY--TOPICAL TERM | |
| Topical term or geographic name as entry element | Motocross |
| Form subdivision | Fiction. |
| 9 (RLIN) | 6442997 |
| 650 #1 - SUBJECT ADDED ENTRY--TOPICAL TERM | |
| Topical term or geographic name as entry element | Motorcycle racing |
| Form subdivision | Fiction. |
| 9 (RLIN) | 6491786 |
| 650 #1 - SUBJECT ADDED ENTRY--TOPICAL TERM | |
| Topical term or geographic name as entry element | Competition (Psychology) |
| Form subdivision | Fiction. |
| 9 (RLIN) | 5675197 |
| 700 1# - ADDED ENTRY--PERSONAL NAME | |
| Personal name | Tiffany, Sean, |
| Relator term | ill. |
| 9 (RLIN) | 55397 |
| 800 1# - SERIES ADDED ENTRY--PERSONAL NAME | |
| Personal name | Maddox, Jake. |
| Title of a work | Impact books. |
| 9 (RLIN) | 6545804 |
| Withdrawn status | Lost status | Source of classification or shelving scheme | Damaged status | Not for loan | Collection code | Home library | Current library | Shelving location | Date acquired | Source of acquisition | Total Checkouts | Total Renewals | Full call number | Barcode | Date last seen | Date checked out | Cost, replacement price | Price effective from | Koha item type |
|---|---|---|---|---|---|---|---|---|---|---|---|---|---|---|---|---|---|---|---|
| Dewey Decimal Classification | Junior Fiction | Wasatch County Library | Wasatch County Library | Main Floor Junior Area | 06/12/2025 | 1 | 2 | J Maddox | 34301002157883 | 08/26/2025 | 06/17/2025 | 8.99 | 06/12/2025 | BOOK |
